Sound waves and their uses ; six lectures delivered before a "juvenile auditory" under the anspices of the Royal institution, Christmas, 1928 /

Bibliographic Details
Main Author: Wood, Alexander, 1879-1950
Format: Book
Language:English
Published: London, Glasgow : Blackie & son limited, 1930.
Subjects:

MARC

Tag First Indicator Second Indicator Subfields
LEADER 00000cam a2200000 4500
001 in00000046054
005 20151007065308.0
008 770601s1930 enk b 00000 eng
010 |a  31003825  
035 |a (OCoLC)03008863 
035 |9 AAE1705AM 
040 |a DLC  |c TLM  |d TXA  |d UtOrBLW 
049 |a TXAM  |c [169583] 
050 0 |a QC243  |b .W6 
092 |a 534  |b W873s 
100 1 |a Wood, Alexander,  |d 1879-1950. 
245 1 0 |a Sound waves and their uses ;  |b six lectures delivered before a "juvenile auditory" under the anspices of the Royal institution, Christmas, 1928 /  |c by Alexander Wood ... 
264 1 |a London,  |a Glasgow :  |b Blackie & son limited,  |c 1930. 
300 |a x, 152 pages :  |b illustrations, diagrams ;  |c 23 cm. 
336 |a text  |b txt  |2 rdacontent 
337 |a unmediated  |b n  |2 rdamedia 
338 |a volume  |b nc  |2 rdacarrier 
504 |a Bibliography at end of chapters. 
650 0 |a Sound-waves. 
999 |a MARS 
999 f f |s f116679c-b13e-31a3-8604-1433af37bbcf  |i f1529ce5-7e4f-3fef-a8ad-dc00a7d8ed0a  |t 0 
952 f f |p ric  |a Texas A&M University  |b Rellis Campus  |c Joint Library Facility  |d Remote Storage  |t 0  |e QC243 .W6  |h Library of Congress classification  |i unmediated -- volume  |m A14800915977 
998 f f |a QC243 .W6  |t 0  |l Remote Storage